000 00573nam a2200205 a 4500
001 18814
003 CO-ViMGA
008 141112s2004 ck r 000 u spa d
020 _a8474323282
040 _aCO-ViMGA
_bspa
_cCO-ViMGA
082 0 4 _a511.2 B715
100 1 _aBrandreth, Gyles
_926843
245 1 0 _aJuegos con Números
260 _aBarcelona :
_bEditorial Gedisa S.A.; 1999
300 _a166 p.
490 _aPrincipiantes, juegos educativos; 15
590 _aForma de adquisición : Premio Mincultura
650 1 4 _aMATEMATICAS RECREATIVAS
942 _2ddc
_cBK
999 _c28043
_d28043